003290000a22001210004500060000800000082002300008100001800031245008000049260002700129260000900156300000800165650003400173 a100 a582.130 458 HUT;04 aHutchinson, J aEvolution and phyogency of flowering plants: Dicotyledons: Facts and theory aLondon, Academic press c1969 a717 aFlowering plants/ Dcotyledons